00478nam a2200169Ia 4500003000400000005001700004008004000021040000700061082001500068100004300083245003500126250000600161260003700167300001100204440004400215650004900259OSt20260109162942.0210210b1969 xxu||||| |||| 00| 0 eng d cAL a541.3 TAYT aTAYLOR (Hugh S) and GLASSTONE (Samuel) aTreatise on physical chemistry a3 aLondonbD Van Nostrand Co.c1969 avi,679 aVolume 1-Atomistics and thermodynamics. aPhysical Chemistry Atomistics Thermodynamics